[Event "Youth District Germany"]
[Site "Wuerzburg"]
[Date "2018.10.07"]
[Round "7.8"]
[White "Hentschel, Lena"]
[Black "Bress, Amy Charlize"]
[Result "1/2-1/2"]
[WhiteElo "1533"]
[BlackElo "1464"]
[PlyCount "124"]
[EventDate "2018.10.02"]
[EventType "team-swiss"]
[EventRounds "7"]
[EventCountry "GER"]
[SourceTitle "CBM 186 Extra"]
[Source "ChessBase"]
[SourceDate "2018.08.24"]
[SourceVersion "1"]
[SourceVersionDate "2018.08.24"]
[SourceQuality "1"]
[WhiteTeam "Sachsen U20 II"]
[BlackTeam "Mecklenburg-Vorpommern U20"]
[WhiteTeamCountry "GER"]
[BlackTeamCountry "GER"]

1. d4 Nf6 2. Nf3 e6 3. Bf4 c5 4. e3 b6 5. c3 Bb7 6. Nbd2 Be7 7. h3 0-0 8. Bd3 d6 9. Qc2 Qc7 10. 0-0 Nbd7 11. Bh2 Rac8 12. Rfe1 Qb8 13. e4 cxd4 14. Nxd4 a6 15. N2f3 Qa8 16. Rad1 Rfd8 17. Nb3 h6 18. Qe2 Nc5 19. Nxc5 Rxc5 20. Nd2 Rcc8 21. f3 Qa7 22. Qe3 d5 23. Kh1 dxe4 24. Nxe4 Nxe4 25. Bxe4 Bxe4 26. Qxe4 Qa8 27. Qxa8 Rxa8 28. Bc7 Rdc8 29. Bd6 Bf6 30. Bg3 Rd8 31. Bf2 Rxd1 32. Rxd1 Rd8 33. Rxd8+ Bxd8 34. c4 h5 35. Kg1 Kf8 36. Kf1 Ke8 37. Ke2 Kd7 38. Kd3 Kc6 39. b3 g6 40. Bd4 Be7 41. Kc3 Bd6 42. b4 Be7 43. a3 Bd6 44. Kb3 Be7 45. a4 Bd6 46. b5+ Kb7 47. Kc3 f5 48. Kd3 axb5 49. cxb5 Kc7 50. g4 hxg4 51. hxg4 Bf4 52. gxf5 exf5 53. Kc4 g5 54. Kd3 g4 55. fxg4 fxg4 56. Bg1 Bd6 57. Ke2 Bc5 58. Bh2+ Bd6 59. Bg1 Bc5 60. Bh2+ Bd6 61. Bg1 g3 62. Kf3 Be5 1/2-1/2

[Event "GER-ch U12 Girls"]
[Site "Willingen"]
[Date "2018.05.21"]
[Round "3"]
[White "Becker, Linda"]
[Black "Hentschel, Lena"]
[Result "0-1"]
[WhiteElo "1641"]
[BlackElo "1391"]
[PlyCount "70"]
[EventDate "2018.05.19"]
[EventType "swiss"]
[EventRounds "11"]
[EventCountry "GER"]
[SourceTitle "CBM 184 Extra"]
[Source "ChessBase"]
[SourceDate "2018.06.28"]
[SourceVersion "1"]
[SourceVersionDate "2018.06.28"]
[SourceQuality "1"]

1. e4 e5 2. Nf3 Nc6 3. d4 exd4 4. Nxd4 Bc5 5. Be3 Qf6 6. c3 Nge7 7. Bc4 Ne5 8. Bb3 Qg6 9. 0-0 d6 10. Nd2 Bh3 11. Ba4+ c6 12. g3 Bxf1 13. Qxf1 Ng4 14. Bf4 0-0 15. Qh3 f5 16. Bc2 Bxd4 17. cxd4 fxe4 18. Bxe4 Nf5 19. f3 Ngh6 20. g4 Rae8 21. Bd3 Qf6 22. Kh1 Qxd4 23. Ne4 Qxd3 24. gxf5 Nxf5 25. Rg1 Rxe4 26. Qg4 Re7 27. Bg5 Ref7 28. Re1 g6 29. Qg2 Qd5 30. b3 Qd3 31. Bd2 Re7 32. Rxe7 Nxe7 33. f4 Qb1+ 34. Qg1 Qxg1+ 35. Kxg1 Nd5 0-1

[Event "GER-ch U12 Girls"]
[Site "Willingen"]
[Date "2018.05.20"]
[Round "1"]
[White "Kanno, Clara Yumi"]
[Black "Hentschel, Lena"]
[Result "1-0"]
[WhiteElo "1073"]
[BlackElo "1391"]
[PlyCount "175"]
[EventDate "2018.05.19"]
[EventType "swiss"]
[EventRounds "11"]
[EventCountry "GER"]
[SourceTitle "CBM 184 Extra"]
[Source "ChessBase"]
[SourceDate "2018.06.28"]
[SourceVersion "1"]
[SourceVersionDate "2018.06.28"]
[SourceQuality "1"]

1. e4 e5 2. Nf3 Nc6 3. Bc4 Bc5 4. d3 h6 5. Be3 Bb6 6. Nc3 d6 7. h3 Nf6 8. Ne2 Be6 9. Bb3 Qd7 10. Qd2 0-0-0 11. Bxb6 cxb6 12. Ng3 d5 13. Qc3 Qc7 14. 0-0-0 Rhe8 15. Rhe1 d4 16. Bxe6+ Rxe6 17. Qc4 g6 18. Kb1 a6 19. c3 dxc3 20. Qxc3 Kb8 21. Rc1 Qe7 22. Red1 Nb4 23. d4 exd4 24. Rxd4 Nc6 25. Rxd8+ Qxd8 26. e5 Nd7 27. Rd1 Qc7 28. Qe3 Ndxe5 29. Nxe5 Nxe5 30. Qxh6 Rf6 31. Qh8+ Ka7 32. Qxf6 Qc5 33. Ne4 Qb5 34. Nd6 Qe2 35. Rc1 Qd3+ 36. Ka1 Qd2 37. Rg1 Nd3 38. Nc4 Qb4 39. Qd4 Nxb2 40. Qxb6+ Qxb6 41. Nxb6 Nd3 42. Nd7 f5 43. f3 Nf4 44. g4 Nxh3 45. Rg3 Nf4 46. gxf5 gxf5 47. Rg5 Ne2 48. Rxf5 Nd4 49. Rf4 Ne6 50. Rf6 Nc7 51. f4 Nd5 52. Rf5 Nc7 53. Rf7 b5 54. Ne5 Kb7 55. Rxc7+ Kxc7 56. f5 Kd8 57. f6 Ke8 58. f7+ Ke7 59. Kb2 a5 60. Kb3 Kf8 61. a4 b4 62. Kc4 Ke7 63. Nc6+ Kxf7 64. Nxa5 Ke7 65. Kxb4 Kd7 66. Kb5 Kc8 67. Kb6 Kb8 68. Nb3 Ka8 69. Nd4 Kb8 70. Nb5 Kc8 71. Nc7 Kd7 72. a5 Kd6 73. a6 Ke5 74. a7 Kd4 75. a8Q Ke5 76. Qc6 Kf4 77. Qd5 Ke3 78. Qc4 Kf3 79. Kc5 Ke3 80. Kd5 Kf3 81. Qd4 Kg3 82. Qe4 Kf2 83. Qd3 Ke1 84. Qc2 Kf1 85. Kd4 Kg1 86. Ke3 Kh1 87. Kf3 Kg1 88. Qg2# 1-0

[Event "GER-ch U12 Girls"]
[Site "Willingen"]
[Date "2017.06.10"]
[Round "11"]
[White "Hentschel, Lena"]
[Black "Petersen, Sophie"]
[Result "1-0"]
[WhiteElo "1305"]
[BlackElo "1186"]
[PlyCount "89"]
[EventDate "2017.06.04"]
[EventType "swiss"]
[EventRounds "11"]
[EventCountry "GER"]
[SourceTitle "CBM 178 Extra"]
[Source "ChessBase"]
[SourceDate "2017.06.22"]
[SourceVersion "1"]
[SourceVersionDate "2017.06.22"]
[SourceQuality "1"]

1. e4 c5 2. Nf3 d6 3. Bb5+ Bd7 4. Bxd7+ Qxd7 5. 0-0 g6 6. Re1 Bg7 7. c3 Nc6 8. d4 cxd4 9. cxd4 Nf6 10. Nc3 0-0 11. Bf4 Rac8 12. Rc1 Rfd8 13. d5 Nb4 14. a3 Na6 15. Qd2 Nc5 16. Qe3 Ng4 17. Qe2 Nb3 18. Rc2 Nd4 19. Nxd4 Bxd4 20. Rf1 Bg7 21. h3 Ne5 22. Bxe5 Bxe5 23. Rfc1 a6 24. f3 b5 25. Qd2 Qa7+ 26. Kh1 Qd7 27. Ne2 Kg7 28. Nd4 h5 29. Nc6 Re8 30. Nxe5 dxe5 31. Rc6 Rxc6 32. Rxc6 e6 33. Rxa6 exd5 34. exd5 Rc8 35. d6 Re8 36. Qd3 f5 37. Qe3 Kf6 38. Kg1 f4 39. Qe4 Rc8 40. Rb6 Rc1+ 41. Kh2 Qa7 42. Qb7 Qa4 43. d7+ Kf5 44. d8Q e4 45. Qdd5# 1-0

[Event "GER-ch U12 Girls"]
[Site "Willingen"]
[Date "2017.06.07"]
[Round "7"]
[White "Schneider, Anna"]
[Black "Hentschel, Lena"]
[Result "0-1"]
[WhiteElo "1325"]
[BlackElo "1305"]
[PlyCount "128"]
[EventDate "2017.06.04"]
[EventType "swiss"]
[EventRounds "11"]
[EventCountry "GER"]
[SourceTitle "CBM 178 Extra"]
[Source "ChessBase"]
[SourceDate "2017.06.22"]
[SourceVersion "1"]
[SourceVersionDate "2017.06.22"]
[SourceQuality "1"]

1. e4 e5 2. Nf3 Nc6 3. d4 exd4 4. Bc4 Nf6 5. e5 d5 6. Bb5 Ne4 7. Nxd4 Bd7 8. Bxc6 bxc6 9. 0-0 Bc5 10. f3 Ng5 11. f4 Ne4 12. Be3 Bb6 13. Nd2 Nxd2 14. Qxd2 c5 15. Ne2 Bc6 16. c3 Qd7 17. Rad1 0-0-0 18. b4 cxb4 19. cxb4 h5 20. Bxb6 cxb6 21. Nd4 Kb7 22. Nxc6 Qxc6 23. Rc1 Qh6 24. a4 Qe6 25. a5 b5 26. Qd3 a6 27. Rc5 Qd7 28. Rfc1 Rc8 29. h3 Rxc5 30. Rxc5 Rd8 31. Qh7 g6 32. Qg7 Qf5 33. Qf6 Qxf6 34. exf6 Rd6 35. g3 d4 36. Kf2 d3 37. Ke1 Rxf6 38. Rd5 Kc6 39. Rxd3 Rd6 40. Ke2 Rxd3 41. Kxd3 Kd5 42. g4 hxg4 43. hxg4 f6 44. g5 f5 45. Ke3 Kc4 46. Kd2 Kxb4 47. Kd3 Ka4 48. Kc3 Ka3 49. Kc2 b4 50. Kb1 Kb3 51. Kc1 Ka2 52. Kc2 b3+ 53. Kc3 b2 54. Kd4 b1Q 55. Ke5 Qe4+ 56. Kf6 Qe8 57. Kg7 Kb3 58. Kf6 Kc4 59. Kg7 Kd5 60. Kh6 Ke6 61. Kg7 Ke7 62. Kh6 Kf7 63. Kh7 Qg8+ 64. Kh6 Qg7# 0-1

[Event "GER-ch U12 Girls"]
[Site "Willingen"]
[Date "2017.06.06"]
[Round "5"]
[White "Bayer, Melissa"]
[Black "Hentschel, Lena"]
[Result "1-0"]
[WhiteElo "1495"]
[BlackElo "1305"]
[PlyCount "113"]
[EventDate "2017.06.04"]
[EventType "swiss"]
[EventRounds "11"]
[EventCountry "GER"]
[SourceTitle "CBM 178 Extra"]
[Source "ChessBase"]
[SourceDate "2017.06.22"]
[SourceVersion "1"]
[SourceVersionDate "2017.06.22"]
[SourceQuality "1"]

1. e4 e5 2. Nf3 Nc6 3. Bb5 Nge7 4. 0-0 g6 5. d4 exd4 6. Nxd4 Bg7 7. Be3 0-0 8. Nc3 a6 9. Ba4 d6 10. Re1 Ne5 11. Bg5 c6 12. Bb3 h6 13. Bh4 Re8 14. h3 Qb6 15. Nf3 Qc7 16. Nxe5 Bxe5 17. Qf3 Rf8 18. Bf6 Be6 19. Re3 Rae8 20. h4 Qd7 21. Rd1 Bg4 22. Bxe5 Bxf3 23. Rxd6 Qg4 24. Rxf3 Qxh4 25. Rh3 Qg5 26. f4 Qg4 27. Rxh6 Qh5 28. Rxh5 gxh5 29. Rh6 Ng6 30. Rxg6+ Kh7 31. Rg7+ Kh6 32. Rxf7 Rxf7 33. Bxf7 Re7 34. Bc4 b5 35. Be2 Kg6 36. Kf2 h4 37. Ke3 Re8 38. Nd1 a5 39. Nf2 Re7 40. Nh3 Re8 41. f5+ Kh6 42. Kf4 Rf8 43. Ng5 a4 44. Ne6 Rf7 45. Bg7+ Kh7 46. e5 Kg8 47. f6 b4 48. Ng5 a3 49. Bd3 Rxg7 50. Bc4+ Kf8 51. Ne6+ Ke8 52. Nxg7+ Kf8 53. bxa3 bxa3 54. e6 Kg8 55. e7+ Kh7 56. e8Q c5 57. Qh5# 1-0

[Event "GER-chT U10"]
[Site "Magdeburg"]
[Date "2016.12.29"]
[Round "6.3"]
[White "Lerchl, Justus"]
[Black "Hentschel, Lena"]
[Result "1-0"]
[WhiteElo "951"]
[BlackElo "1027"]
[PlyCount "112"]
[EventDate "2016.12.27"]
[EventType "team-swiss"]
[EventRounds "7"]
[EventCountry "GER"]
[SourceTitle "EXT 2018"]
[Source "ChessBase"]
[SourceDate "2017.10.13"]
[SourceVersion "1"]
[SourceVersionDate "2017.10.13"]
[SourceQuality "1"]
[WhiteTeam "Vaterstetten"]
[BlackTeam "Dresden Leuben"]
[WhiteTeamCountry "GER"]
[BlackTeamCountry "GER"]

1. e4 e5 2. d4 exd4 3. c3 dxc3 4. Bc4 Bc5 5. Nxc3 d6 6. Qb3 Qf6 7. Nf3 h6 8. e5 dxe5 9. Ne4 Qe7 10. Nxc5 Qxc5 11. Bxf7+ Kf8 12. Bd2 Nc6 13. 0-0 Nf6 14. Rfe1 b6 15. Nxe5 Nxe5 16. Bb4 Qxb4 17. Qxb4+ Kxf7 18. Rxe5 Re8 19. Rxe8 Kxe8 20. Re1+ Kf7 21. Qe7+ Kg6 22. Qxc7 Bf5 23. Re7 Rg8 24. Qxa7 Rd8 25. Rxg7+ Kh5 26. h3 Rd1+ 27. Kh2 Rd6 28. g4+ Bxg4 29. hxg4+ Nxg4+ 30. Kg3 Rd3+ 31. Kg2 Kh4 32. Qe7+ Kh5 33. Qg5+ hxg5 34. Rf7 Rd2 35. Kg3 Rd3+ 36. Rf3 Rxf3+ 37. Kxf3 Kh4 38. a3 Nh2+ 39. Kg2 Ng4 40. b3 Ne5 41. b4 Nc4 42. a4 Kg4 43. f3+ Kf4 44. Kf2 Ke5 45. Ke2 Kd4 46. Kf2 Kc3 47. Kg3 Kxb4 48. Kg4 Kxa4 49. Kxg5 b5 50. f4 b4 51. f5 b3 52. f6 b2 53. f7 b1Q 54. f8Q Qg1+ 55. Kh6 Ne5 56. Qa8+ Kb4 1-0

[Event "GER-chT U10"]
[Site "Magdeburg"]
[Date "2016.12.27"]
[Round "1.3"]
[White "Hentschel, Lena"]
[Black "Mikulasch, Nicole"]
[Result "1-0"]
[WhiteElo "1027"]
[BlackElo "880"]
[PlyCount "73"]
[EventDate "2016.12.27"]
[EventType "team-swiss"]
[EventRounds "7"]
[EventCountry "GER"]
[SourceTitle "EXT 2018"]
[Source "ChessBase"]
[SourceDate "2017.10.13"]
[SourceVersion "1"]
[SourceVersionDate "2017.10.13"]
[SourceQuality "1"]
[WhiteTeam "Dresden Leuben"]
[BlackTeam "Heng Postbauer"]
[WhiteTeamCountry "GER"]
[BlackTeamCountry "GER"]

1. e4 d5 2. Nf3 dxe4 3. Ng5 Nh6 4. Nxe4 Bf5 5. Nbc3 e6 6. g3 Bd6 7. Bc4 0-0 8. d3 Ng4 9. h3 Nf6 10. Bg5 Be7 11. h4 h6 12. Bf4 Bb4 13. Qe2 Nc6 14. f3 Nd4 15. Qd1 b5 16. Bb3 Qe7 17. a3 Bd6 18. Be3 Nh5 19. Bxd4 c5 20. Be3 a6 21. g4 Bg3+ 22. Nxg3 Nxg3 23. Rh3 Nh5 24. gxf5 exf5 25. Nd5 Qe5 26. d4 Qe6 27. dxc5 Qg6 28. Ne7+ Kh7 29. Nxg6 Kxg6 30. Qd6+ f6 31. Rh2 Rad8 32. Rg2+ Kh7 33. Qe6 Rde8 34. Qxf5+ Kh8 35. Qxh5 Rxe3+ 36. Re2 Rxe2+ 37. Kxe2 1-0

[Event "GER-chT U10"]
[Site "Magdeburg"]
[Date "2016.12.27"]
[Round "2.3"]
[White "Nguyen, Duc Minh1111"]
[Black "Hentschel, Lena"]
[Result "1/2-1/2"]
[WhiteElo "851"]
[BlackElo "1027"]
[PlyCount "41"]
[EventDate "2016.12.27"]
[EventType "team-swiss"]
[EventRounds "7"]
[EventCountry "GER"]
[SourceTitle "EXT 2018"]
[Source "ChessBase"]
[SourceDate "2017.10.13"]
[SourceVersion "1"]
[SourceVersionDate "2017.10.13"]
[SourceQuality "1"]
[WhiteTeam "Berlin Schachpinguine"]
[BlackTeam "Dresden Leuben"]
[WhiteTeamCountry "GER"]
[BlackTeamCountry "GER"]

1. e4 e5 2. Nf3 Nc6 3. Bb5 d6 4. Bxc6+ bxc6 5. Nc3 d5 6. exd5 cxd5 7. Nxe5 Qe7 8. d4 f6 9. Nxd5 Qd6 10. Nc3 fxe5 11. dxe5 Qxe5+ 12. Be3 Nf6 13. 0-0 Ng4 14. g3 Qh5 15. h4 Ba6 16. Re1 Be7 17. Bg5 0-0 18. Qd5+ Kh8 19. Rxe7 h6 20. Qd4 Rg8 21. Be3 1/2-1/2